000 00691cam a2200241 4500
001 a4378957
003 OSt
005 20150122184706.0
008 081114s2008 sp | |||| 001 0 spa
040 _aSpMaBN
_cBMC
082 _a920.37
082 _a920.38
100 _9158
_aPlutarco
_d50-127‏
245 1 0 _aVidas paralelas
_b: Demóstenes - Cicerón - Demetrio - Antonio
_cPlutarco ; [traducción de A. Ranz Romanillos]
250 _a4ª ed
260 _aMadrid
_bEspasa-Calpe
_c1969
300 _a170 p.
_c18 cm
490 _aAustral
_v459
650 _9504
_aGriegos
_xBiografías
650 _9503
_aRomanos
_xBiografías
700 _9166
_aRanz Romanillos, Antonio
942 _2ddc
_cBK
999 _c374
_d374